Babybug. (Record no. 14591)
[ view plain ]
| 000 -LEADER | |
|---|---|
| fixed length control field | 00553nas a22001931 4500 |
| 001 - CONTROL NUMBER | |
| control field | 0000009829 |
| 005 - DATE AND TIME OF LATEST TRANSACTION | |
| control field | 20151217160123.0 |
| 008 - FIXED-LENGTH DATA ELEMENTS--GENERAL INFORMATION | |
| fixed length control field | 081201c xxur p 0 0eng d |
| 040 ## - CATALOGING SOURCE | |
| Original cataloging agency | KABU |
| Transcribing agency | KABU |
| 245 00 - TITLE STATEMENT | |
| Title | Babybug. |
| 260 ## - PUBLICATION, DISTRIBUTION, ETC. (IMPRINT) | |
| Place of publication, distribution, etc. | Peru, ILL : |
| Name of publisher, distributor, etc. | Carus, |
| Date of publication, distribution, etc. | 1994-. |
| 300 ## - PHYSICAL DESCRIPTION | |
| Extent | v : |
| Other physical details | ill. |
| 500 ## - GENERAL NOTE | |
| General note | Library has: May/June 2005. |
| 650 #0 - SUBJECT ADDED ENTRY--TOPICAL TERM | |
| General subdivision | Periodicals. |
| 650 #0 - SUBJECT ADDED ENTRY--TOPICAL TERM | |
| General subdivision | Periodicals. |
| 852 1# - LOCATION | |
| -- | p375 KES |
| 852 1# - LOCATION | |
| -- | p375 KES |
| 908 ## - PUT COMMAND PARAMETER (RLIN) | |
| Put command parameter | 081201 |
| Withdrawn status | Lost status | Source of classification or shelving scheme | Not for loan | Home library | Current library | Date acquired | Total Checkouts | Full call number | Barcode | Date last seen | Price effective from | Koha item type | Date last checked out |
|---|---|---|---|---|---|---|---|---|---|---|---|---|---|
| Library of Congress Classification | Kabarak, Main Campus | Kabarak, Main Campus | 17/12/2015 | AP201 B33 2005 c. 1 | 15685 | 17/12/2015 | 17/12/2015 | Children Collection | |||||
| Library of Congress Classification | Kabarak, Main Campus | Kabarak, Main Campus | 17/12/2015 | 3 | AP201 B33 2005 c. 2 | 15995 | 17/07/2019 | 17/12/2015 | Children Collection | 05/07/2019 |